| 000 | 01379nam a22003494a 4500 | ||
|---|---|---|---|
| 001 | ebr10020679 | ||
| 003 | CaPaEBR | ||
| 006 | m u | ||
| 007 | cr cn||||||||| | ||
| 008 | 010725s2001 dcua sb 000 0 eng | ||
| 010 | _z 2001044411 | ||
| 020 | _z0821350005 (pbk.) | ||
| 020 | _z1589060601 | ||
| 040 |
_aCaPaEBR _cCaPaEBR |
||
| 035 | _a(OCoLC)70737239 | ||
| 050 | 1 | 4 |
_aHC59.72.P6 _bR6 2001eb |
| 082 | 0 | 4 |
_a362.5/09172/4 _221 |
| 100 | 1 |
_aRobb, Caroline M., _d1963- |
|
| 245 | 1 | 0 |
_aCan the poor influence policy? _h[electronic resource] : _bparticipatory poverty assessments in the developing world / _cCarolyn M. Robb. |
| 250 | _a2nd ed. | ||
| 260 |
_aWashington, D.C. : _bInternational Monetary Fund : _bWorld Bank, _c2001. |
||
| 300 |
_axxxiii, 195 p. : _bill. |
||
| 504 | _aIncludes bibliographical references (p. 189-195). | ||
| 533 |
_aElectronic reproduction. _bPalo Alto, Calif. : _cebrary, _d2013. _nAvailable via World Wide Web. _nAccess may be limited to ebrary affiliated libraries. |
||
| 650 | 0 |
_aPoor _xResearch _zDeveloping countries. |
|
| 650 | 0 |
_aPoor _xPolitical activity. |
|
| 650 | 0 |
_aPoverty _xResearch. |
|
| 650 | 0 |
_aPoor _xAttitudes. |
|
| 655 | 7 |
_aElectronic books. _2local |
|
| 710 | 2 | _aebrary, Inc. | |
| 856 | 4 | 0 |
_uhttp://site.ebrary.com/lib/rucke/Doc?id=10020679 _zAn electronic book accessible through the World Wide Web; click to view |
| 999 |
_c9341 _d9341 |
||